| 000 | 00722nam a22002297i 4500 | ||
|---|---|---|---|
| 003 | EG-ScBUE | ||
| 005 | 20220920093719.0 | ||
| 008 | 200219s2016 enka f 001 0 eng d | ||
| 040 |
_aEG-ScBUE _beng _erda _cEG-ScBUE _dEG-ScBUE |
||
| 082 | 0 | 4 |
_222 _a428.0071 _bENG |
| 245 | 0 | 0 | _aEnglish language teaching. |
| 264 | 1 |
_a[London] : _bPearson, _c2016. |
|
| 300 |
_a153 pages : _bcolor illustrations ; _c28 cm |
||
| 336 |
_2rdacontent _atext _btxt |
||
| 337 |
_2rdamedia _aunmediated _bn |
||
| 338 |
_2rdacarrier _avolume _bnc |
||
| 500 | _aIncludes index. | ||
| 650 | 7 |
_aEnglish language _xStudy and teaching _xForeign speakers. _2BUEsh |
|
| 653 |
_bHHUUEENN _cSeptember2022 |
||
| 655 |
_vReading book _934232 |
||
| 942 |
_2ddc _cBB |
||
| 999 |
_c29925 _d29896 |
||